000 00852nam a2200229Ia 4500
003 OSt
005 20220924144403.0
006 a|||||r|||| 00| 0
007 ta
008 220917b |||||||| |||| 00| 0 eng d
024 _a239,035
037 _cTextual
040 _aARTS
_cARTS
_benu
041 _2enu
_aenu
082 _aO111,1N31x, 168P4
100 _aअब्दुल कलाम, ए. पी. जे.
_9150069
245 0 _aमेरा सफ़र
260 _aनयी दिल्ली,
_b मिंटो रोड काम्पलेक्स, भारत
_c2004
700 _aशकील शिफ़ाई, अनु.
_9150070
942 _hO111,1N31x, 168P4
_cTEXL
_2CC
999 _c284024
_d284024